[Event "Coimbra op"]
[Site "Coimbra"]
[Date "2014.04.27"]
[Round "6"]
[White "Dias, Ricardo Pedro Cruz"]
[Black "Santos, Ines Lima"]
[Result "1-0"]
[WhiteElo "1595"]
[BlackElo "1788"]
[PlyCount "143"]
[EventDate "2014.04.25"]
[EventType "swiss"]
[EventRounds "7"]
[EventCountry "POR"]
[SourceTitle "CBM 160 Extra"]
[Source "ChessBase"]
[SourceDate "2014.07.01"]
[SourceVersion "1"]
[SourceVersionDate "2014.07.01"]
[SourceQuality "1"]

1. e4 e5 2. Nf3 Nc6 3. Bb5 a6 4. Ba4 Nf6 5. 0-0 b5 6. Bb3 Be7 7. Re1 0-0 8. c3 d5 9. d4 Nxe4 10. dxe5 Be6 11. Be3 f6 12. exf6 Nxf6 13. Bg5 Bf7 14. Nbd2 Bc5 15. Rc1 Qd6 16. Bc2 Ng4 17. Bh4 Bh5 18. Bg3 Nge5 19. Bb3 Rad8 20. Kh1 Nd3 21. Rf1 Nce5 22. Rb1 Kh8 23. Bc2 Nf4 24. Re1 Ng4 25. Kg1 Qb6 26. Nd4 Nxf2 27. Qc1 Bxd4 28. cxd4 N4d3 29. Bxd3 Nxd3 30. Qc3 Nxe1 31. Rxe1 b4 32. Qd3 Bg6 33. Qe3 Rde8 34. Be5 Kg8 35. Qg3 c5 36. Nb3 cxd4 37. Nxd4 Qc5 38. h4 Re7 39. Kh2 Rfe8 40. Bd6 Qxd4 41. Rxe7 Rxe7 42. Bxe7 Qa7 43. Bxb4 Qd7 44. Qf4 Qf7 45. Qxf7+ Bxf7 46. Bc3 Kf8 47. Kg3 g6 48. Kf4 Ke7 49. Ke5 Be6 50. b4 Bc8 51. g3 Bb7 52. a4 Kf7 53. g4 h6 54. g5 hxg5 55. hxg5 Ke7 56. b5 axb5 57. axb5 Ba8 58. Bb4+ Kf7 59. Kd6 d4 60. b6 d3 61. Kc7 Ke6 62. b7 Bxb7 63. Kxb7 Kf5 64. Bd2 Ke4 65. Kc6 Kf3 66. Kd5 Ke2 67. Bf4 d2 68. Bxd2 Kxd2 69. Ke6 Ke3 70. Kf6 Kf4 71. Kxg6 Ke5 72. Kf7 1-0

[Event "POR-ch prel"]
[Site "Matosinhos"]
[Date "2012.08.06"]
[Round "3.12"]
[White "Oliveira, Maria Ines"]
[Black "Santos, Ines Lima"]
[Result "0-1"]
[WhiteElo "1927"]
[BlackElo "1719"]
[PlyCount "134"]
[EventDate "2012.08.04"]
[EventType "swiss"]
[EventRounds "9"]
[EventCountry "POR"]
[SourceTitle "EXT 2015"]
[Source "ChessBase"]
[SourceDate "2014.11.20"]
[SourceVersion "1"]
[SourceVersionDate "2014.11.20"]
[SourceQuality "1"]

1. e4 e5 2. Nf3 Nc6 3. Bb5 a6 4. Ba4 Nf6 5. d3 b5 6. Bb3 Be7 7. 0-0 0-0 8. Re1 d6 9. c3 h6 10. Nbd2 Be6 11. Bc2 d5 12. Qe2 Re8 13. b3 d4 14. c4 Bb4 15. a3 Bc3 16. Ra2 b4 17. a4 Bg4 18. h3 Bh5 19. Rd1 Nd7 20. Nf1 Re6 21. g4 Bg6 22. Ng3 Na5 23. Rf1 Nc5 24. Qd1 Qf6 25. Kg2 Rb6 26. Rg1 Qe6 27. Nh4 Bh7 28. Nhf5 f6 29. Nh5 g6 30. Nxh6+ Kh8 31. Ng3 Qe7 32. h4 Ne6 33. h5 Nf4+ 34. Bxf4 exf4 35. Nh1 Qg7 36. hxg6 Bxg6 37. Nf5 Bxf5 38. exf5 Re8 39. Qf3 Qg5 40. Bd1 Re5 41. Re2 Nc6 42. Kf1 Qh6 43. Ng3 Qh3+ 44. Rg2 fxg3 45. Qxg3 Qxg3 46. Rxg3 Rxe2 47. Bxe2 Ne5 48. f4 Nf7 49. g5 Kg7 50. Bh5 Bd2 51. a5 Rb8 52. gxf6+ Kxf6 53. Rg6+ Kxf5 54. Rc6 Nd8 55. Rxc7 Rb7 56. Rc5+ Kxf4 57. Bg6 Re7 58. Be4 Re5 59. Rc8 Ne6 60. Rc6 Nc5 61. Rf6+ Kg3 62. Rg6+ Rg5 63. Rf6 Nxe4 64. dxe4 Rxa5 65. c5 Rxc5 66. Rxa6 Kf3 67. Rf6+ Bf4 0-1

[Event "POR-ch U16"]
[Site "Torres Vedras"]
[Date "2012.03.28"]
[Round "6.3"]
[White "Santos, Ines Lima"]
[Black "Oliveira, Maria Ines"]
[Result "1-0"]
[WhiteElo "1694"]
[BlackElo "1932"]
[PlyCount "107"]
[EventDate "2012.03.25"]
[EventType "swiss"]
[EventRounds "7"]
[EventCountry "POR"]
[SourceTitle "EXT 2015"]
[Source "ChessBase"]
[SourceDate "2014.11.20"]
[SourceVersion "1"]
[SourceVersionDate "2014.11.20"]
[SourceQuality "1"]

1. e4 c5 2. Nf3 e6 3. d4 cxd4 4. Nxd4 Nc6 5. Be3 Nf6 6. Nc3 Qc7 7. Bd3 a6 8. 0-0 Ne5 9. Bf4 Bc5 10. Nf3 d6 11. Nxe5 dxe5 12. Bg3 h5 13. h3 h4 14. Bh2 b5 15. Kh1 Bb7 16. f4 0-0-0 17. Qf3 exf4 18. Qxf4 Qxf4 19. Bxf4 Rd7 20. e5 Nh5 21. Be4 Nxf4 22. Rxf4 Bxe4 23. Nxe4 Bd4 24. Nd6+ Rxd6 25. exd6 Bf6 26. c3 Kd7 27. Rd1 Rc8 28. a4 Rc4 29. Rxc4 bxc4 30. Kg1 Be5 31. Kf2 g5 32. Kf3 f5 33. Rd2 Bg7 34. Ke2 g4 35. Kd1 gxh3 36. gxh3 Be5 37. Kc2 f4 38. b3 cxb3+ 39. Kxb3 Bxd6 40. Kc4 Kc6 41. Kd4 Bc7 42. Ke4 Bd6 43. Rg2 Kc5 44. Rg4 Be7 45. Rxf4 Kc4 46. Ke5+ Kxc3 47. Kxe6 Bd8 48. Kd7 Bg5 49. Rg4 Bf6 50. a5 Kd3 51. Kc6 Bc3 52. Kb6 Bd4+ 53. Kxa6 Bf2 54. Kb7 1-0

[Event "POR-ch U16"]
[Site "Torres Vedras"]
[Date "2012.03.26"]
[Round "3.1"]
[White "Martins, David Pires Tavares"]
[Black "Santos, Ines Lima"]
[Result "1-0"]
[WhiteElo "2078"]
[BlackElo "1694"]
[PlyCount "63"]
[EventDate "2012.03.25"]
[EventType "swiss"]
[EventRounds "7"]
[EventCountry "POR"]
[SourceTitle "EXT 2015"]
[Source "ChessBase"]
[SourceDate "2014.11.20"]
[SourceVersion "1"]
[SourceVersionDate "2014.11.20"]
[SourceQuality "1"]

1. e4 e5 2. Nf3 Nc6 3. Bc4 Bc5 4. c3 Nf6 5. d3 0-0 6. Bb3 d6 7. 0-0 h6 8. Nbd2 Re8 9. Re1 Bg4 10. h3 Bh5 11. Nf1 d5 12. Qe2 dxe4 13. dxe4 Re7 14. Ng3 Bg6 15. Nh4 Bh7 16. Qf3 Rd7 17. Bc4 Bb6 18. Ngf5 Bxf5 19. Nxf5 Kh7 20. b4 Ng8 21. a4 a5 22. b5 Na7 23. Qg3 Qf6 24. Be3 Nc8 25. Bd5 c6 26. bxc6 bxc6 27. Bxc6 Raa7 28. Bxd7 Rxd7 29. Red1 Rxd1+ 30. Rxd1 Bxe3 31. Nxe3 Nce7 32. c4 1-0